Altägyptische Götter - Statistiken

Allgemein
  • Dieses Quiz wurde 171 mal gespielt
    146 seit der letzten Aktualisierung
  • Das Durchschnittsergebnis liegt bei 7 aus 16
Antwortstatistiken
Bildquiz Hint Antwort % Korrekt
Sonnengott Re
94%
Gott der Totenriten, Gott der Mumifizierung, Totengott, Wächter der Gräber Anubis
86%
Totengott, Gott des Lebens, Gott der Wiederauferstehung, Gott der Vegetation, Fruchtbarkeitsgott Osiris
68%
Göttin der Geburt, Göttin der Wiedergeburt, Pharaonenmutter Isis
53%
Himmelsgott, Königsgott, Sonnengott, Gott der Heilung, Beschützer der Kinder Horus
48%
Göttin der Fruchtbarkeit, Liebesgöttin, Beschützerin der Schwangeren, Göttin der Freude Bastet
45%
Mondgott, Gott der Magie, Gott der Wissenschaft, Gott der Schreiber, Gott des Kalenders, Gott der Weisheit, Gott der Gerechtigkeit, Gott der Kunst Thot
40%
Schöpfungsgott, Gott des Windes, Gott der Fruchtbarkeit Amun
37%
Sonnengott, einziger Gott (während der Regierung von Echnaton) Aton
29%
Göttin der Gerechtigkeit, Göttin der Wahrheit, Göttin der Ordnung, Göttin des Gleichgewichts, Göttin der Moral, Göttin der Sterne, Göttin der Jahreszeiten Maat
28%
Kriegsgöttin, Sonnengöttin, Göttin der Medizin Sechmet
27%
Himmelsgöttin, Pharaonenmutter, Totengöttin, Göttin der Liebe, Göttin der Schönheit, Göttin des Tanzes, Göttin der Musik, Göttin der Kunst Hathor
24%
Göttin des Himmels, Göttin der Sterne, Göttin des Kosmos, Göttin der Astronomie, Göttin der Mütter Nut
24%
Gott der Erde, Fruchtbarkeitsgott Geb
21%
Schöpfungsgott, Gott der Handwerker, Gott der Architekten Ptah
20%
Fresserin der schlechten Seelen Ammit
14%
Keine übereinstimmenden Quizze gefunden
Verteilung der Resultate
Anzahl Personen mit jedem Resultat
Perzentil nach korrekt beantworteten Fragen
Ihre Resultats-Entwicklung
Sie haben dieses Quiz seit der letzten Aktualisierung nicht gespielt